000 00592nam a2200229Ia 4500
003 OSt
005 20221007072456.0
006 a|||||r|||| 00| 0
007 ta
008 221006b |||||||| |||| 00| 0 eng d
024 _a20,343
037 _cTextual
040 _aFLL
_cFLL
_beng
041 _2eng
_aeng
082 _aZ1:Py7, f2
100 _aCobbett Pitt Au.
_9690729
245 0 _aInternational law
260 _aLondon
_bSweet & Maxwell England
_c1922
300 _a690p
_ccm.
942 _hZ1:Py7, f2
_cTEXL
_2CC
999 _c1146179
_d1146179